[Event "European Championship"]
[Site "Plovdiv BUL"]
[Date "2012.03.22"]
[Round "3"]
[White "Fressinet, Laurent"]
[Black "Brkic, Ante"]
[Result "1/2-1/2"]
[WhiteElo "2693"]
[BlackElo "2587"]
[PlyCount "84"]
[EventDate "2012.03.20"]
[EventRounds "11"]
[EventCountry "BUL"]

1. Nf3 Nf6 2. c4 g6 3. Nc3 d5 4. cxd5 Nxd5 5. g3 Bg7 6. Bg2 O-O 7. O-O Nc6 8.
d4 Bf5 9. Ne1 Be6 10. Nc2 Nxc3 11. bxc3 Na5 12. Bf4 c5 13. Qd2 Rc8 14. d5 Bd7
15. Bh6 Nc4 16. Qf4 Qc7 17. Bxg7 Qxf4 18. gxf4 Kxg7 19. e4 e6 20. e5 exd5 21.
Bxd5 Be6 22. Rfd1 Rcd8 23. Bxb7 Rxd1+ 24. Rxd1 Rb8 25. Ba6 Rb2 26. Bxc4 Bxc4
27. Ne3 Be6 28. Kg2 Rxa2 29. Rd6 a5 30. c4 a4 31. Rc6 a3 32. Rxc5 Rb2 33. Ra5
a2 34. Kg3 Kf8 35. Ra7 Ke8 36. h4 h5 37. f3 Kd8 38. Nd5 Kc8 39. Ne7+ Kb8 40.
Nc6+ Kc8 41. Ne7+ Kb8 42. Nc6+ Kc8 1/2-1/2

[Event "European Championship"]
[Site "Plovdiv BUL"]
[Date "2012.03.22"]
[Round "3"]
[White "Giri, Anish"]
[Black "Stojanovic, Dalibor"]
[Result "1/2-1/2"]
[WhiteElo "2717"]
[BlackElo "2471"]
[PlyCount "162"]
[EventDate "2012.03.20"]
[EventRounds "11"]
[EventCountry "BUL"]

1. d4 d5 2. c4 c6 3. Nf3 Nf6 4. Nc3 dxc4 5. a4 Bf5 6. Ne5 e6 7. f3 c5 8. e4 Bg6
9. Be3 cxd4 10. Qxd4 Qxd4 11. Bxd4 Nfd7 12. Nxd7 Nxd7 13. Bxc4 Rc8 14. Bb3 a6
15. Ke2 Nb8 16. Rhd1 Nc6 17. a5 Rg8 18. Bb6 Bb4 19. Rd2 Ke7 20. Rad1 Nb8 21.
Rd4 Bc5 22. Bxc5+ Rxc5 23. Rb4 Rc7 24. Ba4 Rd8 25. Rxd8 Kxd8 26. Rb6 Ke7 27.
Ke3 f6 28. Ne2 Bf7 29. Nf4 Nd7 30. Bxd7 Kxd7 31. b4 Ke7 32. h4 g5 33. hxg5 fxg5
34. Nh3 h6 35. Kd4 Kf6 36. e5+ Ke7 37. b5 axb5 38. Rxb5 Be8 39. Rb6 Bc6 40. Nf2
Bd5 41. a6 bxa6 42. Rxa6 h5 43. Nh3 g4 44. Nf4 Rc4+ 45. Ke3 gxf3 46. Nxd5+ exd5
47. gxf3 h4 48. Rh6 h3 49. Rxh3 Ke6 50. Rh5 Rc3+ 51. Kf4 Rc4+ 52. Kg3 d4 53. f4
d3 54. Kf2 Rd4 55. Rh6+ Ke7 56. Rh1 d2 57. Rd1 Ke6 58. Ke3 Ra4 59. Rxd2 Kf5 60.
Rf2 Re4+ 61. Kd3 Ra4 62. Re2 Ke6 63. Re4 Ra3+ 64. Kd4 Ra4+ 65. Ke3 Ra3+ 66. Kf2
Kf5 67. Re3 Ra4 68. e6 Ra8 69. Kf3 Re8 70. Re5+ Kf6 71. Kg4 Rg8+ 72. Rg5 Ra8
73. Re5 Rg8+ 74. Kh4 Rh8+ 75. Rh5 Rg8 76. f5 Rg7 77. Kh3 Rg8 78. Kh2 Rg7 79.
Kh1 Rg8 80. Kh2 Rg7 81. Kh3 Rg8 1/2-1/2

[Event "European Championship"]
[Site "Plovdiv BUL"]
[Date "2012.03.22"]
[Round "3"]
[White "Halkias, Stelios"]
[Black "Sutovsky, Emil"]
[Result "1/2-1/2"]
[WhiteElo "2588"]
[BlackElo "2700"]
[PlyCount "96"]
[EventDate "2012.03.20"]
[EventRounds "11"]
[EventCountry "BUL"]

1. Nf3 g6 2. d4 Nf6 3. c4 Bg7 4. g3 d5 5. cxd5 Nxd5 6. Bg2 Nb6 7. Nc3 Nc6 8. e3
O-O 9. O-O Re8 10. Re1 a5 11. Qe2 e5 12. Nxe5 Nxe5 13. dxe5 Bxe5 14. e4 Be6 15.
f4 Bxc3 16. bxc3 Bd5 17. f5 Bxe4 18. Bxe4 gxf5 19. Qh5 fxe4 20. Qg4+ Kh8 21.
Be3 f6 22. Bd4 c5 23. Bxc5 Qc8 24. Qxc8 Nxc8 25. Rab1 b6 26. Bd4 Re6 27. Rf1
Kg8 28. Rxf6 Rxf6 29. Bxf6 Kf7 30. Bd4 Ke6 31. Rb5 Nd6 32. Re5+ Kf7 33. g4 b5
34. Rh5 b4 35. Rxh7+ Ke6 36. Rh5 Nc4 37. Rh6+ Kd5 38. Rh5+ Ke6 39. Kf2 bxc3 40.
Bxc3 Rf8+ 41. Rf5 Rxf5+ 42. gxf5+ Kxf5 43. a4 Kg4 44. h4 Kxh4 45. Bxa5 Nxa5 46.
Ke3 Nb3 47. Kxe4 Nc5+ 48. Kd5 Nxa4 1/2-1/2

[Event "European Championship"]
[Site "Plovdiv BUL"]
[Date "2012.03.22"]
[Round "3"]
[White "Hovhannisyan, Robert"]
[Black "Bacrot, Etienne"]
[Result "1/2-1/2"]
[WhiteElo "2600"]
[BlackElo "2706"]
[PlyCount "66"]
[EventDate "2012.03.20"]
[EventRounds "11"]
[EventCountry "BUL"]

1. e4 e5 2. Nf3 Nc6 3. Bb5 Nf6 4. O-O Nxe4 5. d4 Nd6 6. Bxc6 dxc6 7. dxe5 Nf5
8. Qxd8+ Kxd8 9. Nc3 Ke8 10. h3 h5 11. Bf4 Be7 12. Rad1 Be6 13. Ng5 Rh6 14.
Nxe6 Rxe6 15. g4 hxg4 16. hxg4 Nh4 17. Ne2 f5 18. exf6 Bxf6 19. Ng3 Bxb2 20.
Rb1 Bd4 21. Rxb7 Bb6 22. Bxc7 Re7 23. Rb8+ Rxb8 24. Bxb8 Nf3+ 25. Kg2 Ne1+ 26.
Kh3 g6 27. g5 Nf3 28. Bf4 Rh7+ 29. Kg2 Nh4+ 30. Kg1 Nf3+ 31. Kg2 Nh4+ 32. Kg1
Nf3+ 33. Kg2 Nh4+ 1/2-1/2

[Event "European Championship"]
[Site "Plovdiv BUL"]
[Date "2012.03.22"]
[Round "3"]
[White "Jobava, Baadur"]
[Black "Bukal, Vladimir Jr"]
[Result "1-0"]
[WhiteElo "2706"]
[BlackElo "2441"]
[PlyCount "87"]
[EventDate "2012.03.20"]
[EventRounds "11"]
[EventCountry "BUL"]

1. e4 e6 2. d4 d5 3. Nc3 Bb4 4. exd5 exd5 5. Qf3 Qe7+ 6. Nge2 Nc6 7. Qe3 Nf6 8.
a3 Ba5 9. f3 h5 10. Qd3 Be6 11. Bg5 O-O-O 12. O-O-O Bb6 13. Na4 Na5 14. Nxb6+
axb6 15. Nf4 Qd6 16. Qe3 Nc4 17. Bxc4 dxc4 18. d5 Bf5 19. Qd4 b5 20. Rhe1 Rde8
21. Bxf6 gxf6 22. Ne2 Bd7 23. Qa7 Qa6 24. Qxa6 bxa6 25. h4 Re5 26. Nf4 Rg8 27.
Kd2 c5 28. dxc6 Bxc6 29. Kc3 Rf5 30. Rd4 Re5 31. Red1 Kc7 32. a4 Re3+ 33. Kd2
Re5 34. a5 Rb8 35. Ra1 Rc5 36. Re1 Re5 37. Re2 Rg8 38. Ke1 Bb7 39. Kf2 Bc6 40.
b3 cxb3 41. cxb3 b4 42. Rc2 Rc8 43. Nd5+ Kb7 44. Rxb4+ 1-0

[Event "European Championship"]
[Site "Plovdiv BUL"]
[Date "2012.03.22"]
[Round "3"]
[White "Malakhov, Vladimir"]
[Black "Stella, Andrea"]
[Result "1-0"]
[WhiteElo "2705"]
[BlackElo "2439"]
[PlyCount "47"]
[EventDate "2012.03.20"]
[EventRounds "11"]
[EventCountry "BUL"]

1. c4 Nf6 2. Nc3 c5 3. g3 e6 4. Nf3 b6 5. Bg2 Bb7 6. O-O Be7 7. d4 cxd4 8. Qxd4
d6 9. Bg5 a6 10. Bxf6 Bxf6 11. Qf4 Bxf3 12. exf3 Ra7 13. Rfd1 Rd7 14. Ne4 Be7
15. Qe3 O-O 16. f4 Qc7 17. Rac1 Rc8 18. f5 exf5 19. Nc3 Qc5 20. Qd2 Qa5 21. Qd3
Bf8 22. Nd5 Nc6 23. Bh3 Ne5 24. Qe2 1-0

[Event "European Championship"]
[Site "Plovdiv BUL"]
[Date "2012.03.22"]
[Round "3"]
[White "Mamedyarov, Shakhriyar"]
[Black "Filip, Lucian"]
[Result "1/2-1/2"]
[WhiteElo "2752"]
[BlackElo "2483"]
[PlyCount "95"]
[EventDate "2012.03.20"]
[EventRounds "11"]
[EventCountry "BUL"]

1. d4 Nf6 2. c4 e6 3. Nc3 Bb4 4. Qc2 c5 5. dxc5 O-O 6. a3 Bxc5 7. Nf3 b6 8. Bf4
Bb7 9. Rd1 Nc6 10. e3 Nh5 11. Bg3 h6 12. Qd3 Nxg3 13. hxg3 Be7 14. Qxd7 Qb8 15.
Nd4 Rd8 16. Nxc6 Rxd7 17. Nxb8 Rxd1+ 18. Kxd1 Rxb8 19. Kc2 f5 20. Rg1 g5 21.
Be2 g4 22. f3 h5 23. Rh1 Bc5 24. Nd1 Kg7 25. Rxh5 Rd8 26. Kc1 Bc6 27. Kc2 Ba4+
28. b3 Be8 29. Rh1 gxf3 30. gxf3 Bxa3 31. Nc3 Bc5 32. Bd3 Bc6 33. e4 Rh8 34.
Rxh8 Kxh8 35. exf5 exf5 36. Nd5 Bxd5 37. cxd5 Bd6 38. Kd2 Bxg3 39. Ke3 Bh2 40.
Bxf5 Be5 41. b4 Bd6 42. b5 Kg7 43. Kd3 Kf6 44. Ke4 Be7 45. f4 Bc5 46. Bg4 Ke7
47. Ke5 Bd6+ 48. Ke4 1/2-1/2

[Event "European Championship"]
[Site "Plovdiv BUL"]
[Date "2012.03.22"]
[Round "3"]
[White "Movsesian, Sergei"]
[Black "Kotronias, Vasilios"]
[Result "1-0"]
[WhiteElo "2702"]
[BlackElo "2597"]
[PlyCount "71"]
[EventDate "2012.03.20"]
[EventRounds "11"]
[EventCountry "BUL"]

1. c4 g6 2. g3 Bg7 3. Bg2 Nf6 4. d4 O-O 5. e4 d6 6. Ne2 c5 7. O-O Nc6 8. d5 Na5
9. Qc2 a6 10. Nd2 b5 11. Rb1 bxc4 12. Nxc4 Nxc4 13. Qxc4 a5 14. Qc2 Ba6 15. Rd1
a4 16. Nc3 Ng4 17. h3 Ne5 18. f4 Nc4 19. Nxa4 Bd4+ 20. Kh2 Qa5 21. b4 cxb4 22.
Rxd4 Rfc8 23. Qb3 Rab8 24. Bd2 Bb5 25. Nb2 Nxd2 26. Rxd2 Rc3 27. Qd1 Qa3 28.
Qe1 Rbc8 29. Nd1 Rc2 30. Rb2 Rc1 31. Qf2 R8c4 32. e5 Ba4 33. exd6 exd6 34. Ne3
R4c3 35. Ng4 f5 36. Nf6+ 1-0

[Event "European Championship"]
[Site "Plovdiv BUL"]
[Date "2012.03.22"]
[Round "3"]
[White "Navara, David"]
[Black "Arsovic, Zoran"]
[Result "0-1"]
[WhiteElo "2700"]
[BlackElo "2435"]
[PlyCount "66"]
[EventDate "2012.03.20"]
[EventRounds "11"]
[EventCountry "BUL"]

1. d4 Nf6 2. c4 g6 3. Nf3 Bg7 4. g3 c5 5. Bg2 O-O 6. O-O Nc6 7. d5 Na5 8. Qc2
d6 9. e4 e6 10. h3 Re8 11. Nbd2 exd5 12. cxd5 Bd7 13. Rb1 Qc8 14. g4 c4 15. Re1
b5 16. b4 c3 17. Nf1 Nc4 18. Rb3 a5 19. bxa5 Rxa5 20. Ng3 Qa6 21. Re2 Ra8 22.
a3 Nxa3 23. Qxc3 Nxe4 24. Nxe4 Bxc3 25. Rxc3 b4 26. Nf6+ Kg7 27. Rce3 Nc4 28.
Re7 Ra1 29. Ng5 Rxc1+ 30. Kh2 Ne5 31. R2xe5 Kxf6 32. Nxf7 dxe5 33. Rxd7 Ra7 0-1

[Event "European Championship"]
[Site "Plovdiv BUL"]
[Date "2012.03.22"]
[Round "3"]
[White "Pantsulaia, Levan"]
[Black "Grachev, Boris"]
[Result "1/2-1/2"]
[WhiteElo "2595"]
[BlackElo "2705"]
[PlyCount "108"]
[EventDate "2012.03.20"]
[EventRounds "11"]
[EventCountry "BUL"]

1. c4 c6 2. Nf3 d5 3. g3 dxc4 4. Bg2 Nf6 5. O-O Nbd7 6. Qc2 Nb6 7. a4 a5 8. Na3
g6 9. Nxc4 Nxc4 10. Qxc4 Bg7 11. d3 O-O 12. Bd2 Nd5 13. Qc1 Qb6 14. Bc3 Bg4 15.
Bxg7 Kxg7 16. Qc4 Bxf3 17. Bxf3 Rfd8 18. d4 Qb4 19. Bxd5 Rxd5 20. Qxb4 axb4 21.
e3 e5 22. dxe5 Rd2 23. b3 Rd3 24. Rab1 Ra5 25. Rfd1 Rad5 26. Rxd3 Rxd3 27. Kf1
Rd5 28. Ke2 Rxe5 29. Rc1 Kf6 30. Kd3 Rd5+ 31. Kc4 Rd2 32. Kxb4 Ke6 33. Rc4 Rxf2
34. Kc5 Kd7 35. Rf4 Rc2+ 36. Kb6 Rb2 37. Rxf7+ Kd6 38. Kxb7 Rxb3+ 39. Ka6 c5
40. Rxh7 c4 41. Rh8 c3 42. Rc8 Kd5 43. h4 Ke4 44. g4 Kd3 45. h5 gxh5 46. gxh5
c2 47. h6 Rb8 48. Rc7 Rh8 49. a5 Rxh6+ 50. Kb5 Rh7 51. Rxc2 Kxc2 52. a6 Kd3 53.
Kb6 Kxe3 54. a7 Rxa7 1/2-1/2

[Event "European Championship"]
[Site "Plovdiv BUL"]
[Date "2012.03.22"]
[Round "3"]
[White "Popov, Ivan"]
[Black "Caruana, Fabiano"]
[Result "1/2-1/2"]
[WhiteElo "2605"]
[BlackElo "2767"]
[PlyCount "81"]
[EventDate "2012.03.20"]
[EventRounds "11"]
[EventCountry "BUL"]

1. e4 c5 2. Nf3 Nc6 3. Nc3 Nf6 4. d4 cxd4 5. Nxd4 e5 6. Ndb5 d6 7. Bg5 a6 8.
Na3 b5 9. Nd5 Be7 10. Bxf6 Bxf6 11. c4 b4 12. Nc2 O-O 13. g3 Bg5 14. h4 Bh6 15.
Bh3 Be6 16. Kf1 Qa5 17. Kg2 Qc5 18. Qd3 a5 19. Rhf1 Ra7 20. b3 Bxd5 21. Qxd5
Rd8 22. Rfd1 Qb6 23. Qb5 Qc7 24. Qa4 g6 25. Rd3 Nd4 26. Nxd4 exd4 27. Qb5 Qc5
28. f4 Bg7 29. Qxc5 dxc5 30. a4 Re7 31. Kf3 Rde8 32. Re1 f5 33. e5 h5 34. Bg2
Kf8 35. Kf2 Re6 36. Bd5 Ke7 37. Rdd1 Rf8 38. Kf3 Bh6 39. Rd3 Kd7 40. Re2 Ke7
41. Rd1 1/2-1/2

[Event "European Championship"]
[Site "Plovdiv BUL"]
[Date "2012.03.22"]
[Round "3"]
[White "Rakhmanov, Aleksandr"]
[Black "Jakovenko, Dmitry"]
[Result "1/2-1/2"]
[WhiteElo "2602"]
[BlackElo "2729"]
[PlyCount "145"]
[EventDate "2012.03.20"]
[EventRounds "11"]
[EventCountry "BUL"]

1. c4 c6 2. d4 d5 3. Nf3 Nf6 4. cxd5 cxd5 5. Nc3 Nc6 6. Bf4 Bf5 7. e3 e6 8. Bb5
Nd7 9. Qb3 Be7 10. O-O g5 11. Bg3 h5 12. h3 g4 13. hxg4 hxg4 14. Nd2 Kf8 15.
Rfc1 Kg7 16. Ne2 Rc8 17. Bxc6 bxc6 18. Qb7 Rh7 19. Bf4 c5 20. e4 dxe4 21. Nxe4
e5 22. N4g3 Be6 23. Bxe5+ Nxe5 24. dxe5 Bg5 25. Rd1 Qb6 26. Qe4 Qb4 27. Qxb4
cxb4 28. Nd4 Bd7 29. Nf3 gxf3 30. Rxd7 Bf4 31. e6 Kg6 32. e7 Bxg3 33. fxg3 Rc2
34. gxf3 Re2 35. Rd2 Rxe7 36. Rc1 f6 37. Kg2 Rd7 38. Re2 Rhe7 39. Rxe7 Rxe7 40.
Kf2 Rh7 41. Kg2 Rd7 42. Rc2 b3 43. axb3 Rd3 44. Rc3 Rd2+ 45. Kh3 Rxb2 46. Kg4
Rd2 47. f4 Rd4 48. Kh4 a5 49. Rf3 a4 50. bxa4 Rxa4 51. g4 Ra1 52. f5+ Kh6 53.
Rh3 Kg7 54. Rb3 Ra7 55. Kh5 Rc7 56. Rb6 Ra7 57. Rc6 Rb7 58. Ra6 Rc7 59. Re6 Ra7
60. g5 fxg5 61. Kxg5 Ra1 62. Re7+ Kf8 63. Kf6 Rf1 64. Ra7 Kg8 65. Ra8+ Kh7 66.
Ra2 Kg8 67. Ra8+ Kh7 68. Rf8 Ra1 69. Rf7+ Kg8 70. Re7 Rf1 71. Re5 Kf8 72. Ra5
Kg8 73. Ra8+ 1/2-1/2

[Event "European Championship"]
[Site "Plovdiv BUL"]
[Date "2012.03.22"]
[Round "3"]
[White "Shimanov, Aleksandr"]
[Black "Laznicka, Viktor"]
[Result "1-0"]
[WhiteElo "2591"]
[BlackElo "2702"]
[PlyCount "145"]
[EventDate "2012.03.20"]
[EventRounds "11"]
[EventCountry "BUL"]

1. d4 d5 2. c4 c6 3. Nf3 Nf6 4. Nc3 a6 5. e3 b5 6. b3 Bg4 7. Qc2 Bxf3 8. gxf3
Nbd7 9. f4 e6 10. c5 g6 11. Bd3 a5 12. Bb2 Nh5 13. Ne2 Qh4 14. Ng1 Qg4 15. Be2
Qf5 16. Bd3 Qg4 17. Be2 Qf5 18. Qxf5 exf5 19. Bxh5 gxh5 20. Ne2 h4 21. Rg1 Ke7
22. f3 Ke6 23. Nc1 Be7 24. Nd3 Rag8 25. Rxg8 Rxg8 26. Kf2 Bd8 27. Bc3 Rg6 28.
Rg1 Kf6 29. Be1 Kg7 30. Kf1 Kh6 31. Rg2 Kh5 32. Re2 Bc7 33. Rg2 Bd8 34. Bf2 Kh6
35. Rg1 Kh5 36. Ke2 Kh6 37. Ne1 Kh5 38. Nd3 Kh6 39. Nb2 Kh5 40. Kf1 Kh6 41. Nd3
Kh5 42. Ke1 Kh6 43. Kd2 Kh5 44. h3 Kh6 45. Ne5 Nxe5 46. fxe5 Kg7 47. Kd3 Kf8
48. e4 fxe4+ 49. fxe4 Ke8 50. exd5 cxd5 51. Ke2 Kd7 52. Kf3 h5 53. Be3 Ke6 54.
c6 Rxg1 55. Bxg1 f6 56. Bh2 a4 57. bxa4 bxa4 58. Bf4 fxe5 59. Bxe5 Bg5 60. Ke2
Be7 61. Ke3 Bg5+ 62. Kd3 Be7 63. Kc3 Ba3 64. Bc7 Ke7 65. Ba5 Ke6 66. Bb4 Bc1
67. Bc5 Bf4 68. Kb4 Kf5 69. Bb6 Ke4 70. Kc5 Kf3 71. Kxd5 Kg2 72. c7 Bxc7 73.
Bxc7 1-0

[Event "European Championship"]
[Site "Plovdiv BUL"]
[Date "2012.03.22"]
[Round "3"]
[White "Vajda, Levente"]
[Black "Riazantsev, Alexander"]
[Result "0-1"]
[WhiteElo "2597"]
[BlackElo "2710"]
[PlyCount "56"]
[EventDate "2012.03.20"]
[EventRounds "11"]
[EventCountry "BUL"]

1. e4 c6 2. d4 d5 3. e5 Bf5 4. Nf3 e6 5. Be2 Ne7 6. O-O h6 7. b3 c5 8. Na3 Nec6
9. c3 Nd7 10. Nc2 Be7 11. Bb2 O-O 12. Ne3 Be4 13. a3 cxd4 14. cxd4 Qb6 15. b4
Bxf3 16. Bxf3 a5 17. Bxd5 axb4 18. Ba2 bxa3 19. Bc3 Bb4 20. Rb1 Bxc3 21. Rxb6
Nxb6 22. d5 Nxd5 23. Nxd5 exd5 24. Qb3 d4 25. e6 fxe6 26. Rc1 Nb4 27. Rxc3 dxc3
28. Qxb4 Rfd8 0-1

[Event "European Championship"]
[Site "Plovdiv BUL"]
[Date "2012.03.22"]
[Round "3"]
[White "Vitiugov, Nikita"]
[Black "Sedlak, Nikola"]
[Result "1-0"]
[WhiteElo "2709"]
[BlackElo "2593"]
[PlyCount "79"]
[EventDate "2012.03.20"]
[EventRounds "11"]
[EventCountry "BUL"]

1. c4 Nf6 2. Nc3 g6 3. e4 c5 4. Nf3 Nc6 5. d4 cxd4 6. Nxd4 d6 7. f3 Nxd4 8.
Qxd4 Bg7 9. Be3 O-O 10. Qd2 a5 11. Na4 Nd7 12. Be2 b6 13. Rd1 Bb7 14. Bh6 Bxh6
15. Qxh6 f5 16. exf5 Rxf5 17. O-O Nc5 18. Nc3 Qf8 19. Qxf8+ Raxf8 20. Rfe1 Re5
21. Bf1 Rxe1 22. Rxe1 Rf7 23. f4 h6 24. g3 g5 25. fxg5 hxg5 26. Bg2 Bxg2 27.
Kxg2 Nd3 28. Re2 g4 29. Nd5 Ne5 30. Re4 e6 31. Ne3 Rc7 32. b3 Rg7 33. Rd4 a4
34. Rxd6 axb3 35. axb3 Ra7 36. Rxe6 Ra2+ 37. Kf1 Nf3 38. Nxg4 Nd2+ 39. Kg1 Nf3+
40. Kh1 1-0

[Event "European Championship"]
[Site "Plovdiv BUL"]
[Date "2012.03.22"]
[Round "3"]
[White "Zhigalko, Andrey"]
[Black "Naiditsch, Arkadij"]
[Result "0-1"]
[WhiteElo "2590"]
[BlackElo "2702"]
[PlyCount "104"]
[EventDate "2012.03.20"]
[EventRounds "11"]
[EventCountry "BUL"]

1. e4 c5 2. Nf3 Nc6 3. Nc3 g6 4. Bc4 Bg7 5. O-O a6 6. a3 d6 7. d3 Nf6 8. h3 O-O
9. Ba2 Bd7 10. Re1 b5 11. Rb1 Rc8 12. Bd2 Ne8 13. Ne2 Nc7 14. c3 e5 15. d4 c4
16. b3 cxb3 17. Bxb3 Na5 18. Ba2 Ne6 19. Bd5 Nc4 20. Bc1 Qa5 21. Bxc4 bxc4 22.
dxe5 Bc6 23. Ned4 Nxd4 24. cxd4 c3 25. Rb4 d5 26. exd5 Bxd5 27. Qc2 Rfe8 28.
Re3 Bf8 29. Rxc3 Rxc3 30. Qxc3 Bxb4 31. axb4 Qa4 32. Bh6 Qb3 33. Qxb3 Bxb3 34.
Nd2 Bd5 35. Nf1 f5 36. Bg5 Kf7 37. Bd2 Ke6 38. f4 g5 39. fxg5 Be4 40. Ne3 Rd8
41. Bc3 Rc8 42. Bd2 f4 43. Ng4 Rc4 44. Nf6 Rxd4 45. Nxe4 Rxe4 46. Kf2 Rd4 47.
Ke2 Kf5 48. Bc3 Re4+ 49. Kf2 Rc4 50. Bd2 Rc2 51. Ke2 Kxe5 52. Kd3 Ra2 0-1

[Event "European Championship"]
[Site "Plovdiv BUL"]
[Date "2012.03.23"]
[Round "4"]
[White "Bacrot, Etienne"]
[Black "Delchev, Aleksander"]
[Result "1/2-1/2"]
[WhiteElo "2706"]
[BlackElo "2622"]
[PlyCount "62"]
[EventDate "2012.03.20"]
[EventRounds "11"]
[EventCountry "BUL"]

1. d4 d5 2. c4 e6 3. Nc3 c5 4. cxd5 exd5 5. Nf3 Nc6 6. g3 Nf6 7. Bg2 Be7 8. O-O
O-O 9. dxc5 Bxc5 10. a3 Ne4 11. Nxd5 Be6 12. Nc3 Nxc3 13. bxc3 Qxd1 14. Rxd1
Rad8 15. Bb2 Na5 16. Nd4 Bb3 17. Re1 Ba4 18. e3 Nc4 19. Bc1 b5 20. f4 Bb6 21.
Rb1 Ba5 22. Rb4 Bxb4 23. axb4 f5 24. e4 fxe4 25. Ne6 Bc2 26. Nxd8 Rxd8 27. Kf2
a6 28. Re2 Bb1 29. Re1 Bc2 30. Re2 Bb1 31. Re1 Bc2 1/2-1/2

[Event "European Championship"]
[Site "Plovdiv BUL"]
[Date "2012.03.23"]
[Round "4"]
[White "Balla, Tamas-Kristof"]
[Black "Navara, David"]
[Result "1/2-1/2"]
[WhiteElo "2369"]
[BlackElo "2700"]
[PlyCount "95"]
[EventDate "2012.03.20"]
[EventRounds "11"]
[EventCountry "BUL"]

1. f4 d5 2. b3 Bg4 3. Bb2 e6 4. g3 Nf6 5. Bg2 Nbd7 6. Nf3 Bxf3 7. Bxf3 Bd6 8.
Nc3 c6 9. e4 dxe4 10. Nxe4 Nxe4 11. Bxe4 Nf6 12. Qe2 Qa5 13. a3 O-O-O 14. Bf3
h5 15. h4 Rhe8 16. b4 Qf5 17. d4 Qg6 18. Kf2 Bc7 19. c4 Rd7 20. a4 Red8 21.
Rhd1 Qf5 22. Kg2 Qg6 23. Kf2 Ng4+ 24. Kg2 Kb8 25. Be4 f5 26. Bf3 Nf6 27. Kh2
Ne4 28. Bxe4 fxe4 29. Bc3 Rf8 30. Rf1 Rdf7 31. Bd2 Qf5 32. Rae1 g5 33. hxg5 h4
34. Qxe4 Qg4 35. Qf3 Qxg5 36. fxg5 Rxf3 37. Rxf3 Rxf3 38. Kg2 Rxg3+ 39. Kf2 Rd3
40. Rxe6 Rxd2+ 41. Ke3 Rg2 42. Re8+ Bd8 43. Rxd8+ Kc7 44. Rh8 Rxg5 45. Rxh4
Rg3+ 46. Ke4 Rc3 47. Rh7+ Kb8 48. Rh8+ 1/2-1/2

[Event "European Championship"]
[Site "Plovdiv BUL"]
[Date "2012.03.23"]
[Round "4"]
[White "Caruana, Fabiano"]
[Black "Radulski, Julian"]
[Result "1/2-1/2"]
[WhiteElo "2767"]
[BlackElo "2552"]
[PlyCount "143"]
[EventDate "2012.03.20"]
[EventRounds "11"]
[EventCountry "BUL"]

1. d4 d5 2. c4 e6 3. Nf3 Nf6 4. g3 Be7 5. Bg2 O-O 6. O-O Nc6 7. b3 Ne4 8. Bb2
Bd7 9. Nc3 Be8 10. Nxe4 dxe4 11. Nd2 Nxd4 12. Nxe4 Nf5 13. Nc3 c6 14. e4 Nh6
15. e5 Nf5 16. Qxd8 Rxd8 17. Rad1 Nd4 18. Nb1 c5 19. Bxb7 f6 20. exf6 Bxf6 21.
Bxd4 Bxd4 22. Kg2 Bg6 23. f3 Bxb1 24. Rxb1 a5 25. f4 Rd6 26. Rbe1 g6 27. Re2
Rfd8 28. Bf3 Kf7 29. Bg4 h5 30. Bh3 Kf6 31. Rfe1 Re8 32. Re5 Kf7 33. R5e4 Kf6
34. R1e2 Re7 35. g4 hxg4 36. Bxg4 Bc3 37. Re5 Bd4 38. Bf3 Rdd7 39. Rg5 e5 40.
Be4 Rg7 41. Kf3 exf4 42. Kxf4 Rd6 43. Bd5 Rh7 44. Kg4 Kg7 45. Kg3 Kf8 46. Be6
Kg7 47. h4 Rh5 48. Bd5 Bf6 49. Rxh5 gxh5 50. Re8 Rd8 51. Re6 Rd6 52. Re8 Rd8
53. Re2 Rd7 54. Kf4 Bxh4 55. Rh2 Be1 56. Rxh5 Re7 57. Be4 Bd2+ 58. Kf3 Bb4 59.
Rd5 Kf6 60. Kf4 Re5 61. Rd7 Rh5 62. Rd6+ Ke7 63. Ra6 Rh2 64. a4 Rh6 65. Bg6 Rh2
66. Ke5 Rd2 67. Bf5 Bc3+ 68. Ke4 Rd4+ 69. Ke3 Rd6 70. Ra7+ Kf6 71. Be4 Rb6 72.
Rb7 1/2-1/2

[Event "European Championship"]
[Site "Plovdiv BUL"]
[Date "2012.03.23"]
[Round "4"]
[White "Chatalbashev, Boris"]
[Black "Malakhov, Vladimir"]
[Result "0-1"]
[WhiteElo "2570"]
[BlackElo "2705"]
[PlyCount "106"]
[EventDate "2012.03.20"]
[EventRounds "11"]
[EventCountry "BUL"]

1. d4 d5 2. c4 c6 3. Nf3 Nf6 4. e3 Bf5 5. Nc3 e6 6. Nh4 Be4 7. f3 Bg6 8. Qb3
Qc7 9. Bd2 Be7 10. Nxg6 hxg6 11. cxd5 cxd5 12. O-O-O Nc6 13. Kb1 O-O 14. Rc1
Rfc8 15. Na4 Nd7 16. h4 a6 17. h5 b5 18. Nc5 Nxc5 19. dxc5 gxh5 20. Rxh5 g6 21.
Rh3 Bf6 22. e4 dxe4 23. f4 Rd8 24. Qc2 Bg7 25. g4 Qd7 26. Bc3 Bxc3 27. Qxc3 Qd4
28. Qg3 Rd5 29. Qh4 Qg7 30. Qe1 Qd4 31. Qh4 Rad8 32. Bg2 Nb4 33. Qh7+ Kf8 34.
Qh8+ Ke7 35. Qh4+ g5 36. fxg5 Nd3 37. g6+ Kd7 38. Rxd3 Qxd3+ 39. Ka1 Rxc5 40.
Rb1 Kc8 41. Qh1 fxg6 42. Bxe4 Qe3 43. Re1 Qg5 44. Bb1 Qd5 45. Be4 Qd6 46. Bxg6
Kb8 47. Be4 Qd4 48. Ba8 Qg7 49. Rxe6 Rd2 50. Rb6+ Kc8 51. Rc6+ Kd8 52. Qb1 Rxc6
53. Bxc6 Qxg4 0-1

[Event "European Championship"]
[Site "Plovdiv BUL"]
[Date "2012.03.23"]
[Round "4"]
[White "Godena, Michele"]
[Black "Mamedyarov, Shakhriyar"]
[Result "1/2-1/2"]
[WhiteElo "2508"]
[BlackElo "2752"]
[PlyCount "80"]
[EventDate "2012.03.20"]
[EventRounds "11"]
[EventCountry "BUL"]

1. e4 c6 2. d4 d5 3. Nd2 dxe4 4. Nxe4 Bf5 5. Ng3 Bg6 6. Nh3 Nf6 7. Nf4 e5 8.
Nxg6 hxg6 9. dxe5 Qa5+ 10. Bd2 Qxe5+ 11. Qe2 Nbd7 12. Qxe5+ Nxe5 13. Be2 O-O-O
14. Rd1 Bc5 15. O-O Rhe8 16. h3 Rd4 17. a3 Ne4 18. Nxe4 Rxe4 19. Rfe1 f6 20.
Bf1 Rxe1 21. Rxe1 Bd4 22. Re2 g5 23. Bc1 b5 24. Rd2 Bb6 25. Be2 Kc7 26. Kf1 Rh8
27. Rd1 Rh4 28. b3 a5 29. Bb2 Rf4 30. f3 Rh4 31. Bxe5+ fxe5 32. Bd3 Bc5 33. Ra1
Bd4 34. Rb1 Bc5 35. Ra1 a4 36. Be4 Bd4 37. c3 Bb6 38. b4 Rh8 39. Ke2 Rd8 40.
Rd1 Rxd1 1/2-1/2

[Event "European Championship"]
[Site "Plovdiv BUL"]
[Date "2012.03.23"]
[Round "4"]
[White "Grachev, Boris"]
[Black "Swiercz, Dariusz"]
[Result "1/2-1/2"]
[WhiteElo "2705"]
[BlackElo "2565"]
[PlyCount "52"]
[EventDate "2012.03.20"]
[EventRounds "11"]
[EventCountry "BUL"]

1. d4 Nf6 2. Nf3 d5 3. c4 e6 4. e3 Be7 5. Nc3 O-O 6. a3 b6 7. cxd5 exd5 8. b4
Bb7 9. Be2 Nbd7 10. O-O Re8 11. Rb1 a6 12. a4 Bd6 13. b5 axb5 14. axb5 Ne4 15.
Bb2 Ndf6 16. Ne5 Nxc3 17. Bxc3 Ne4 18. Bb2 Qh4 19. g3 Qh6 20. Bf3 Bc8 21. Bg2
Bf5 22. Rc1 Ra5 23. Bc3 Ra3 24. Bb2 Ra5 25. Bc3 Ra3 26. Bb2 Ra5 1/2-1/2

[Event "European Championship"]
[Site "Plovdiv BUL"]
[Date "2012.03.23"]
[Round "4"]
[White "Guseinov, Gadir"]
[Black "Dreev, Aleksey"]
[Result "1/2-1/2"]
[WhiteElo "2616"]
[BlackElo "2698"]
[PlyCount "80"]
[EventDate "2012.03.20"]
[EventRounds "11"]
[EventCountry "BUL"]

1. e4 c6 2. d4 d5 3. Nc3 dxe4 4. Nxe4 Bf5 5. Ng3 Bg6 6. h4 h6 7. Nf3 Nd7 8. h5
Bh7 9. Bd3 Bxd3 10. Qxd3 e6 11. Bd2 Ngf6 12. O-O-O Be7 13. Ne4 Nxe4 14. Qxe4
Nf6 15. Qd3 Ng4 16. Qe2 O-O 17. Ne5 Nxe5 18. dxe5 Qb6 19. Kb1 Rfd8 20. g4 Qb5
21. Qxb5 cxb5 22. Be3 b6 23. c3 Rac8 24. a3 Rc4 25. f3 Kf8 26. Kc2 f6 27. Rxd8+
Bxd8 28. Rd1 Ke8 29. exf6 Bxf6 30. Kd3 e5 31. Ke2 Rc6 32. Rd5 a6 33. f4 exf4
34. Bxf4 Ke7 35. Be3 Ke6 36. Rd1 a5 37. Kf3 b4 38. axb4 axb4 39. cxb4 Rc4 40.
Bxb6 Ke5 1/2-1/2